| 000 | 00495nam a2200181Ia 4500 | ||
|---|---|---|---|
| 999 |
_c9190 _d9190 |
||
| 003 | OSt | ||
| 005 | 20191230124827.0 | ||
| 008 | 190216s9999||||xx |||||||||||||| ||und|| | ||
| 040 | _coclc | ||
| 082 |
_a330 _bSET/P |
||
| 100 |
_aSeth, M L _9472 |
||
| 245 | 0 |
_aPrinciples Of Economics / _cM L Seth |
|
| 250 | _a4th ed. | ||
| 260 |
_bLakshmi Narain Agarwal Publications, _aAgra: _c1969. |
||
| 300 | _a686p | ||
| 650 | _aEconomics | ||
| 942 |
_cBK _2ddc _h330 _iSET/P _k330 _mSET/P |
||